Catálogo
 En Linea

El voto del emigrante dominicano en el exterior / (Registro nro. 24833)

Detalles MARC
000 -CABECERA
campo de control de longitud fija 00873nam a2200241 a 4500
001 - NÚMERO DE CONTROL
campo de control 000025341
005 - FECHA Y HORA DE LA ÚLTIMA TRANSACCIÓN
campo de control 20250210113909.0
008 - DATOS DE LONGITUD FIJA--INFORMACIÓN GENERAL
campo de control de longitud fija 110215s2004 dr 000 0 spa d
040 ## - FUENTE DE LA CATALOGACIÓN
Centro catalogador/agencia de origen DO-SdBNP
Lengua de catalogación spa
Centro/agencia transcriptor BNPHU
082 ## - NÚMERO DE LA CLASIFICACIÓN DECIMAL DEWEY
Número de clasificación 324.62
Número de documento/Ítem R175v
100 1# - ENTRADA PRINCIPAL--NOMBRE DE PERSONA
Nombre de persona Ramos, Salvador
9 (RLIN) 8373
245 13 - MENCIÓN DE TÍTULO
Título El voto del emigrante dominicano en el exterior /
Mención de responsabilidad, etc. Salvador Ramos ; Luis Arias Núñez.
260 ## - PUBLICACIÓN, DISTRIBUCIÓN, ETC.
Lugar de publicación, distribución, etc. Santo Domingo :
Nombre del editor, distribuidor, etc. Artes gráficas,
Fecha de publicación, distribución, etc. 2004.
300 ## - DESCRIPCIÓN FÍSICA
Extensión 234 p. ;
Dimensiones 23 cm.
500 ## - NOTA GENERAL
Nota general Incluye referencias bibliográficas y notas al pie de las páginas
504 ## - NOTA DE BIBLIOGRAFÍA, ETC.
Nota de bibliografía, etc. Bibliografía: p. 209-213
590 ## - NOTA LOCAL (RLIN)
Nota local Inventariado, 2019/MFF
650 #4 - PUNTO DE ACCESO ADICIONAL DE MATERIA--TÉRMINO DE MATERIA
Término de materia o nombre geográfico como elemento de entrada Voto
Subdivisión geográfica República Dominicana
9 (RLIN) 51897
650 #4 - PUNTO DE ACCESO ADICIONAL DE MATERIA--TÉRMINO DE MATERIA
Término de materia o nombre geográfico como elemento de entrada Elecciones
Subdivisión geográfica República Dominicana
9 (RLIN) 2992
650 #4 - PUNTO DE ACCESO ADICIONAL DE MATERIA--TÉRMINO DE MATERIA
Término de materia o nombre geográfico como elemento de entrada Inmigrantes
9 (RLIN) 29113
700 12 - PUNTO DE ACCESO ADICIONAL--NOMBRE DE PERSONA
Nombre de persona Arias, Luis,
Forma completa/desarrollada del nombre (Arias Núñez)
Término indicativo de función/relación pról.
9 (RLIN) 9356
910 ## - DATOS DE OPCIÓN DEL USUARIO (OCLC)
Datos de opción del usuario Validado. Control de calidad MFF
Existencias
Estado de retiro Estado de pérdida No para préstamo Código de colección Localización permanente Ubicación/localización actual Ubicación en estantería Fecha de adquisición Número de inventario Total de préstamos Signatura topográfica completa Código de barras Fecha visto por última vez Precio válido a partir de Tipo de ítem Koha Número de copia Restricciones de uso
    Excluido de préstamo Patrimonio Dominicano Patrimonio Dominicano Patrimonio Dominicano Depósito 15.02.2011 LF1   324.62 R175v 25341-10 25.06.2020 25.06.2020 Libro y Folleto Colección Patrimonio Dominicano    
    Excluido de préstamo Patrimonio Dominicano Patrimonio Dominicano Patrimonio Dominicano Depósito 15.02.2011 LF1   324.62 R175v 25341-20 25.06.2020 25.06.2020 Libro y Folleto Colección Patrimonio Dominicano e. 2  
      Dominicana de Servicio Patrimonio Dominicano Patrimonio Dominicano Depósito 15.02.2011 LF1   324.62 R175v 25341-30 25.06.2020 25.06.2020 Libro y Folleto Colección Dominicana de Servicio e. 3  
      Dominicana de Servicio Patrimonio Dominicano Patrimonio Dominicano Depósito 07.05.2013 LF1   324.62 R175v 25341-40 25.06.2020 25.06.2020 Libro y Folleto Colección Dominicana de Servicio e. 4  

Con tecnología Koha